| 000 | 01181nab a2200253 i 4500 | ||
|---|---|---|---|
| 001 | 768714001 | ||
| 003 | CO-MdFUSB | ||
| 005 | 20240531062755.0 | ||
| 008 | 230506s1999 -us||||| |||| 00| 0 eng d | ||
| 040 |
_beng _aCO-MdFUSB _cCO-MdFUSB _dCO-MdFUSB |
||
| 041 | _aeng | ||
| 100 |
_aBourland, Norma _eautor |
||
| 245 |
_aWhen your child does drugs : _bhow 4 pastoral families dealt with bad decisions by a son or daughter _c/ Norma Bourland |
||
| 300 |
_aVolumen 20, número 3 (summer 1999), páginas 99 - 109 _c; 27 cm |
||
| 520 | _aLos pastores no están exentos de que sus hijos tomen malas decisiones. Este articulo desenvuelve la historia de Norma Bourlan, Kimball Hodge, Jim Smoke y John Vawter. Cuatro pastores que tuvieron que lidiar con las adicciones de sus hijos y salieron adelante como familia. | ||
| 546 | _aTexto en inglés | ||
| 650 | 7 |
_aCristianismo _2 _922 |
|
| 700 |
_aBourland, Norma _eautor |
||
| 700 |
_aHodge, Kimball _eautor |
||
| 700 |
_aSmoke, Jim _eautor |
||
| 700 |
_aVawter, John _eautor |
||
| 773 | 0 |
_068780 _981951 _oR2464 _tLeadership : _w(CO-MdFUSB)768714001 _gVolumen 20, número 3 (summer 1999), páginas 99 - 109 _qpáginas 99 |
|
| 942 | _cANA | ||
| 999 |
_c68858 _d68858 |
||